000 01151cam a22002771i 4500
003 SA-RiAUC
005 20250911131735.0
008 250907s2009 ti g b f000 0bara c
020 _a9789973490803
020 _a9973490800
040 _aSA-JeALM
_bara
_cSA-RiAUC.
_erda
072 7 _aOM
082 0 4 _a922.59
_qSA-RiAUC
090 _a922.59
_b هـ ي ل
100 1 _aالهيلة، محمد الحبيب،
_d1931-
_eمؤلف.
245 1 2 _aالمفتي أبو القاسم عظوم في عصره :
_bلمعة نور في عصر آفل /
_cمحمد الحبيب الهيلة.
264 1 _aقرطاج، تونس :
_bالمجمع التونسي للعلوم والآداب والفنون :
_bبيت الحكمة،
_c2009
300 _a114 صفحة ؛
_c24 سم
336 _aنص
_btxt
_2rdacontent
_3كتاب
337 _aبدون وسيط
_bn
_2rdamedia
504 _aببليوجرافية : صفحة 105-112.
600 1 7 _aبن عظوم، أبو القاسم بن محمد بن مرزوق،
_dبعد 1008 هجري
_2aucnm
650 7 _aالفقهاء
_vتراجم
_2aucsh
942 _2ddc
_cBOOK
_n0
949 _aSA-JeALM
_d250907
_uosman123
_n1
999 _c11640
_d11640